|
|
|
|
| LEADER |
00000cam a2200000 i 4500 |
| 001 |
1/77 |
| 008 |
950629s1971 fr | ||| |||| ||fre|| |
| 020 |
|
|
|a 2020031809
|
| 035 |
|
|
|l 10013950
|
| 040 |
|
|
|a GR-MyUa
|b gre
|e AACR2
|
| 041 |
1 |
|
|a fre
|h eng
|
| 082 |
7 |
|
|a 230
|2 (22)
|
| 100 |
1 |
|
|a Cox, Harvey,
|d 1929-
|
| 245 |
1 |
3 |
|a La fete des fous :
|b essai theologique sur les notions de fete et de fantaisie /
|c Harvey Cox ; traduit de l'americain par Luce Giard.
|
| 260 |
|
|
|a Paris :
|b Seuil,
|c 1971.
|
| 300 |
|
|
|a 233 σ. ;
|c 21 εκ.
|
| 650 |
|
0 |
|a Festivals.
|
| 650 |
|
0 |
|a Fantasy.
|
| 650 |
|
0 |
|a Theology.
|
| 700 |
1 |
|
|a Giard, Luce,
|e trlf
|
| 852 |
|
|
|a INST
|b LESVOS
|e 19950629
|h 230 COX
|p 005100008307
|q 005100008307
|t BK
|y 0
|
| 922 |
|
|
|a 1ΕΛΗ
|b 199106
|c ΠΠ/1021
|